[Event "EU-ch 13th"]
[Site "Plovdiv"]
[Date "2012.03.28"]
[Round "8"]
[White "Matlakov, Maxim"]
[Black "Bologan, Viktor"]
[Result "1-0"]
[WhiteElo "2632"]
[BlackElo "2687"]
[Annotator "Bologan,Viktor"]
[PlyCount "87"]
[EventDate "2012.03.20"]
[EventType "swiss"]
[EventRounds "11"]
[EventCountry "BUL"]
[SourceTitle "CBM 148"]
[Source "ChessBase"]
[SourceDate "2012.05.16"]
[SourceVersion "1"]
[SourceVersionDate "2012.05.16"]
[SourceQuality "1"]

1. d4 d5 2. c4 c6 3. Nc3 Nf6 4. Nf3 dxc4 5. a4 e6 {This modest move has become very popular in the last year.} 6. e4 {The most aggressive reply.} ({The alternative is the positional} 6. e3 c5 7. Bxc4) 6... Bb4 7. e5 {With this move White practically assumes the responsibility tof playing without a pawn. Instead, a possible move is} (7. Bg5 {after this move Black has two reasonable responses:} {and} Bxc3+ (7... h6 {another interesting move which brought Jakovenko two out of two.} 8. Bxf6 Qxf6 9. Bxc4 c5 10. e5 Qd8 11. O-O (11. d5 exd5 12. Bxd5 O-O 13. O-O Nc6 14. h3 Qe7 15. Qe2 Bf5 16. Rad1 Rad8 17. Rd2 Be6 $11 {Timofeev,A-Jakovenko,D/EU-ch 13th 2012}) 11... cxd4 12. Bb5+ (12. Nxd4 O-O 13. Qg4 Qc7 14. Nf3 Bxc3 15. bxc3 Nd7 16. Rfe1 b6 17. Rad1 Bb7 $15 {Babujian,L-Melkumyan,H/72nd ch-ARM 2012}) 12... Bd7 13. Qxd4 Bxb5 14. Nxb5 Nc6 15. Qe4 O-O 16. Rac1 Qb6 $11 {Rapport,R-Jakovenko,D/27th ECC 2011}) 8. bxc3 Qa5 9. e5 Ne4 10. Bd2 Nxd2 11. Qxd2 c5 12. Bxc4 cxd4 13. Qxd4 (13. O-O dxc3 14. Qf4 Nc6 15. Bd3 Bd7 16. Ng5 O-O-O $1 {Yilmaz,M-Khairullin,I/13th EICC 2012}) (13. cxd4 Nc6 {=}) 13... Nc6 14. Qe3 Bd7 15. O-O Ne7 16. Bb5 Qc7 17. Rfd1 Bxb5 18. axb5 O-O $11 {Gupta,Ab-Eljanov,P/11th Aeroflot Open A 2012}) 7... Nd5 8. Bd2 b5 {With this move Black is solving his problems on the queenside, and the only question left is how to resist on the kingside.} 9. axb5 Bxc3 10. bxc3 cxb5 11. Ng5 $1 {Beside the fact that the knight is bothering the kingside from g5, it also plans to occupy the very tasty square on d6.} h6 {I consider this stronger then} (11... Nc6 {which lately has brought Black many unpleasant defeats} 12. Qh5 Qe7 13. h4 (13. Be2 $5 b4 14. O-O bxc3 15. Bc1 h6 $6 16. Ne4 O-O 17. Bg5 Qc7 18. Nf6+ $3 gxf6 19. exf6 Nxf6 20. Bxf6 Qf4 21. Qf3 Qxf3 22. Bxf3 $14 {Fier,A-El Debs/78th ch-BRA 2011}) 13... b4 14. Bxc4 bxc3 15. Bc1 Nxd4 (15... Ncb4 16. O-O a5 17. Ba3 Rb8 18. Bxd5 exd5 19. e6 g6 20. exf7+ Qxf7 21. Rfe1+ {1-0, Morozevich,A-Khairullin,I/Vladimir Petrov Mem Final 2012}) 16. O-O h6 17. Bxd5 exd5 18. Ba3 Qc7 19. e6 {!} Bxe6 20. Nxe6 Nxe6 21. Qxd5 {Morozevich,A-Jakovenko,D/Sochi 19th TCh-RUS 2012; with a very strong attack.}) 12. Qh5 O-O ({Eljanov played against Anand} 12... g6 {but after} 13. Qh3 f5 14. exf6 e5 15. g4 ({instead of} 15. f7+ Kf8 16. Ne6+ Ke7 17. Nxd8 Bxh3 18. gxh3 Rxd8 19. dxe5 Kxf7 20. Bg2 Nc6 $13 {Anand,V-Eljanov,P/Schachbundesliga 2011-12}) 15... Qxf6 16. Ne4 Qe7 17. dxe5 Nc6 (17... Qxe5 18. Bg2 Nc6 19. O-O) 18. f4 {White would get a considerable advantage.}) 13. Ne4 (13. h4 Nc6 14. Rh3 Nxc3 $5 15. Bxc3 b4 $1) 13... Nc6 ({RR} 13... Bb7 14. Bg5 f6 15. Bxh6 gxh6 16. Qg6+ Kh8 17. Qxh6+ Kg8 18. Qg6+ Kh8 19. Qh6+ Kg8 20. h4 f5 21. Qg6+ Kh8 22. Qh6+ Kg8 23. f4 fxe4 24. Qg6+ Kh8 25. Qh6+ Kg8 26. Qg6+ Kh8 27. Qh6+ Kg8 28. Rh3 {Diu,V (2421)-Nishant,M (2198) Ho Chi Minh City 2017 1-0 (36)}) 14. h4 ({Instead White would take a draw after} 14. Bxh6 gxh6 15. Qxh6 f5 16. Qg6+ Kh8 17. Qh6+ {1/2-1/2, Iljushina,O-Gunina,V/11th TCh-RUS Women 2010}) (14. Be2 b4 15. Qg4 f5 16. exf6 Nxf6 17. Nxf6+ Rxf6 18. Bxc4 Na5 19. Bd3 Nb3 20. Qe4 Qd5 $1) 14... f5 $1 {A typical defensive idea - of course the exchange on f6 is on Black's favour so White has to go for...} 15. Nd6 Bd7 16. Rh3 $146 ({RR} 16. Qf3 Na5 17. g4 Nb3 18. gxf5 Nxa1 19. Rg1 Kh7 20. Qe4 exf5 21. Qxd5 Qxh4 22. Qf3 b4 23. Bxc4 Nc2+ 24. Kf1 bxc3 25. Bxc3 Rab8 26. Qd1 Qh3+ 27. Rg2 Qxc3 28. Rg3 Qxg3 29. fxg3 Ne3+ 30. Ke2 Nxd1 {Kantor,G (2403)-Varga,Z (2460) Heviz 2015 0-1 (33)}) 16... Be8 17. Qd1 Qe7 {The idea is to get rid of this annoying knight on d6 by simply taking it with the rook. I didn't want to tolerate anymore its presence on d6. But Houdini suggests as best the opposite - simply to ignore it.} (17... Na5 $5 18. Be2 Nb3 19. Ra6 Nc7 20. Ra2 a5 $15) 18. g4 Rd8 19. g5 f4 $1 {Thanks to this strong pawn on f4 and the critical control by Black of the h5-square Black holds.} 20. gxh6 gxh6 21. Nxb5 ({On} 21. Qe2 {I would already go for} Rxd6 22. exd6 Qxd6 23. Bg2 e5 24. Qe4 Nde7 25. dxe5 Nxe5) 21... Nxe5 22. Rxa7 Qf6 (22... Rd7 $5 23. dxe5 Rxa7 24. Nxa7 Qxa7 25. Bxc4 Qg7 26. Qe2 Bc6) 23. Na3 {Here my opponent went into very deep time trouble which would play a bad joke on me.} (23. dxe5 Qxe5+ 24. Qe2 Qxe2+ 25. Bxe2 Bxb5 26. Rh1 {would leave good practical chances for a draw.}) 23... Nd3+ 24. Rxd3 $1 {A strong psychological decision.} (24. Bxd3 cxd3 25. Qg4+ Kh8 {White should find} 26. Qg5 {in order not to lose immediately, but even after this Black is better} Rg8 27. Qxf6+ Nxf6 28. Kf1 (28. Bxf4 Rg1+ 29. Kd2 Ne4+ 30. Kxd3 Nxf2+ $19) 28... Ng4 29. Bxf4 Rf8 30. Bg3 d2 31. Ke2 Rxf2+ 32. Bxf2 Nxf2 33. Kxd2 Nxh3 $17) 24... cxd3 25. Bxd3 Qxh4 26. Qf3 Rf7 {Possible, but the simplest was to maintain the tension with} (26... Qg5 27. c4 Nf6 $19 {with too many threats}) 27. Rxf7 Bxf7 28. c4 Ne3 $2 ({Here I saw that I can go for} 28... Bh5 29. Qe4 Nf6 30. Qxe6+ Kh8 {and White's checks are over meanwhile Black has a mating attack, but I didn't focus on this and my mind jumped to calculating ...e3, which I saw gives nothing. The result is that I used up my time advantage and even forgot my initial idea to play ...h5.}) 29. Qe4 Nf5 30. Nc2 Rb8 31. Bxf4 Rb1+ $6 ({The computer suggests the more subtle} 31... Rb3 {maintaining a part of the advantage} 32. Bc7 Qe7 33. Be5 Bg6 34. Qa8+ Kf7 $15) 32. Kd2 Qxf2+ 33. Kc3 {The king is very safe on c3 and here I simply should accept the fact, that I am not better anymore and to go for a draw, but I decided to play on my opponent's time...} Kh7 34. Be5 Rd1 35. Be2 Rc1 36. Bd3 h5 $4 ({The position is not so good anymore and already Black should force a draw with} 36... Rd1 37. Be2 Rc1 $11) 37. Qa8 $1 $18 Kh6 38. Qf8+ Kg5 39. Qxf7 Qe1+ 40. Kb3 Rb1+ 41. Ka2 Qc1 42. d5 Rb6 43. Qg8+ Kh6 44. Qf8+ 1-0

[Event "Poikovsky Karpov 04th"]
[Site "Poikovsky"]
[Date "2003.04.24"]
[Round "5"]
[White "Lautier, Joel"]
[Black "Zvjaginsev, Vadim"]
[Result "1-0"]
[WhiteElo "2666"]
[BlackElo "2664"]
[Annotator "Dautov,Rustem"]
[PlyCount "63"]
[EventDate "2003.04.20"]
[EventType "tourn"]
[EventRounds "9"]
[EventCountry "RUS"]
[EventCategory "16"]
[SourceTitle "CBM 095"]
[Source "ChessBase"]
[SourceDate "2003.07.25"]
[SourceVersion "1"]
[SourceVersionDate "2003.07.25"]
[SourceQuality "1"]

1. c4 {Ftacnik} e6 2. Nc3 d5 3. d4 c6 4. e4 Bb4 5. cxd5 exd5 6. e5 c5 ({Mehr verbreitet ist} 6... Ne7 {, z.B.,} 7. Bd3 (7. Nf3 c5 8. a3 Bxc3+ 9. bxc3 Nbc6 10. Be2 Bg4 11. O-O O-O 12. Rb1 Qc7 $2 13. h3 Bh5 14. a4 Bg6 15. Bd3 $14 {Khalifman,A-Galkin,A/Hoogeveen 2000}) 7... c5 (7... Bf5 8. Bg5 Qd7 9. a3 Bxc3+ 10. bxc3 Bxd3 11. Qxd3 Qf5 $132 {Utnasunov,A-Bocharov,D/St Petersburg 2000}) 8. a3 Bxc3+ 9. bxc3 Nbc6 10. Ne2 Bf5 11. Bg5 Qd7 12. Bxe7 Nxe7 13. O-O Rc8 14. Ng3 Bxd3 15. Qxd3 h5 $11 {Murshed,N-Dreev,A/Yerevan 1996}) ({RR} 6... Ne7 7. Nf3 O-O 8. Be2 c5 9. O-O cxd4 10. Nxd4 Nbc6 11. Bf4 Ng6 12. Nxc6 bxc6 13. Bg3 Re8 14. f4 f6 15. Bd3 fxe5 16. fxe5 Qg5 17. Bxg6 Qxg6 18. Ne2 Ba6 19. Rf3 Qe4 20. Nc3 Bxc3 21. Rxc3 {Sarana,A (2683)-Zhigalko,S (2572) chess.com INT 2026 0-1 (75)}) ({RR} 6... Ne7 7. Nf3 O-O 8. Be2 Ng6 9. O-O Na6 10. a3 Be7 11. Be3 Nc7 12. Ne1 Nh4 13. f4 Nf5 14. Bf2 b6 15. Nf3 c5 16. Kh1 h5 17. Qd2 g6 18. Bd3 Nh6 19. dxc5 bxc5 20. b4 cxb4 21. axb4 {Lautier,J (2682)-Zhukova,N (2425) Odessa 2006 1-0 (33)}) 7. a3 cxd4 $146 {Ftacnik: 'The similar exchange of the bishop b4 for the knight c3 is known from Nizo indian defense, but here black will find it hard to tame strong white bishops. ' Führt zu einer originellen Bauernstruktur.} (7... Ba5 8. Bd2 Nc6 9. dxc5 Bxc3 10. Bxc3 d4 11. Bd2 Qe7 12. f4 f6 13. Nf3 Bg4 14. Bb5 fxe5 15. fxe5 $14 {Hauchard,A-Pavasovic,D/Cannes 1996}) (7... Bxc3+ 8. bxc3 Ne7 9. Bd3 Qa5 10. Bd2 Nbc6 11. Ne2 Bf5 12. Qb1 Bxd3 13. Qxd3 Qa4 14. f4 cxd4 15. cxd4 Qc4 16. Qxc4 dxc4 17. a4 Rd8 18. Rc1 Nxd4 19. Rxc4 Nec6 20. Nxd4 Rxd4 21. Rxd4 Nxd4 22. Kf2 $14 {Shneider,A-Timofeev,A/Istanbul 2003}) ({RR} 7... Bxc3+ 8. bxc3 Ne7 9. Bd3 Nbc6 10. Ne2 cxd4 11. cxd4 Bf5 12. O-O Qd7 13. Ng3 ({RR} 13. Be3 O-O 14. Nf4 Bxd3 15. Qxd3 Qf5 16. Qb3 Nxd4 17. Bxd4 Qxf4 18. Bc5 Rfe8 19. Qxb7 Ng6 20. Qxd5 Qxe5 21. Qxe5 Nxe5 22. Rfe1 a6 23. h3 Rac8 24. Bd4 Nc4 25. Rxe8+ Rxe8 26. Bc5 Rc8 27. Rd1 f6) 13... Bxd3 14. Qxd3 O-O 15. Bd2 f5 16. Ne2 Ng6 17. f4 Rfc8 18. h3 Rc7 19. Be1 Rac8 20. h4 h6 21. h5 Nge7 22. Bh4 {Molner,M (2468)-Stripunsky,A (2486) New Jersey USA 2025 1-0 (44)}) ({RR} 7... Ba5 8. Nf3 c4 9. Bd2 Ne7 10. Be2 Nbc6 11. O-O O-O 12. h3 h6 13. b3 Bxc3 14. Bxc3 b5 15. Qd2 Rb8 16. b4 Bf5 17. Nh4 Bh7 18. f4 f6 19. Bg4 Qb6 20. exf6 Rxf6 21. Rae1 Rbf8 22. g3 {Urangoo,M (1704)-Laurincova,T (1853) Montesilvano ITA 2026 0-1 (70)}) ({RR} 7... Bxc3+ 8. bxc3 Nc6 9. g3 Nge7 10. Bg2 cxd4 11. cxd4 Qa5+ 12. Bd2 Qa6 13. Be3 Bf5 14. Ne2 Bd3 15. Bf3 O-O 16. Nc1 Bc4 17. Be2 Nf5 18. O-O f6 19. exf6 Rxf6 20. Bxc4 Qxc4 21. Ne2 Nxe3 22. fxe3 {Marabajan Navas,S (1830)-Cesar Maestre,B (2383) Salobrena 2021 0-1 (42)}) 8. axb4 dxc3 9. bxc3 Nc6 $2 {In diesem Zug wurzeln die späteren Probleme von Schwarz. Mehr Chancen bot m.E. 9...c7, was dem Weißen die Einschaltung von f2-f4 nicht erlaubte.} (9... Qc7 $1 10. Nf3 $5 (10. Qd4 Ne7 $132 {0-0} 11. Nf3 {Ftacnik} Nbc6 12. Qc5 $14) 10... Ne7 $1 (10... Qxc3+ $6 11. Bd2 Qc7 12. Rc1 Qd8 13. Bb5+ Bd7 14. Bg5 $36) 11. Ra3 O-O $132 {g4}) 10. f4 Nh6 (10... Nge7 11. Nf3 O-O 12. Be2 $14) 11. Nf3 O-O 12. Be2 $14 {Dank seines Läuferpaares und der besseren Bauernstruktur bekam Weiß einen langfristigen Vorteil.} f6 $2 {Der Bauernabtausch im Zentrum spielt dem Weißen nur in die Hände. Schwarz sollte stattdessen sein Spiel auf dem Damenflügel starten.} ({Stärker war} 12... a5 13. b5 Ne7 $14) (12... Bg4 {Ftacnik} 13. Be3 Nf5 14. Bc5 Re8 15. O-O $14) 13. b5 Ne7 (13... Na5 14. O-O $14) 14. O-O fxe5 (14... Qb6+ 15. Qd4 $16) 15. fxe5 $1 {h1, xh6 Ftacnik: 'At this pawn structure the modest black knights are a poor counterweight for the mobile white bishops. '} a5 16. bxa6 bxa6 17. Kh1 Nhf5 $2 {Nach diesem Fehler sollte die schwarze Stellung kaum zu retten sein. Zäher war in jedem Fall 17...f7.} (17... Nf7 18. Ba3 $16 Re8 {Ftacnik} 19. c4 d4 20. Qxd4 Qxd4 21. Nxd4 Nxe5 22. Bd6 $16) 18. g4 $1 Nh6 19. Bxh6 gxh6 20. Nd4 {Ftacnik: 'Lautier gave up the pride of his position for the knight on h6 with a clear goal of dominating over the weak darksquared bishop on c8. Due to the pawn structure kingside attack is imminent.'} (20. Qd2 $16) 20... Ng6 (20... Rxf1+ 21. Qxf1 $16 {f6}) 21. Rxf8+ Qxf8 22. Bf3 $18 Rb8 (22... Ne7 23. c4 $18) 23. Bxd5+ Kh8 24. Qe2 $2 {Auf diese Weise verliert Weiß einen Bauern und lässt den Gegner erneut hoffen. Nichts sprach gegen das sichere 24.e6!} (24. e6 $1 Rb2 25. Nf5 $18) 24... Nf4 25. Qf3 Bxg4 26. Qxg4 Nxd5 27. e6 Ne7 {Ftacnik: 'It would take a careful play by the attacker after the courageous 27...xc3, but the black pieces would have been critically uncoordinated.'} 28. Qe2 Qf4 29. Rf1 Qg5 30. Nf5 $1 Rb5 $2 (30... Rf8 31. Nxe7 (31. Qe5+ $2 Qf6) 31... Rxf1+ 32. Qxf1 Qxe7 33. Qxa6 $18) 31. Nxe7 Qxe7 32. Qe4 1-0

[Event "Pamplona"]
[Site "Pamplona"]
[Date "2002.12.21"]
[Round "1"]
[White "Sokolov, Ivan"]
[Black "Kasimdzhanov, Rustam"]
[Result "1/2-1/2"]
[WhiteElo "2684"]
[BlackElo "2653"]
[Annotator "Dautov,Rustem"]
[PlyCount "41"]
[EventDate "2002.12.21"]
[EventType "tourn"]
[EventRounds "6"]
[EventCountry "ESP"]
[EventCategory "16"]
[SourceTitle "CBM 093"]
[Source "ChessBase"]
[SourceDate "2003.04.01"]
[SourceVersion "1"]
[SourceVersionDate "2003.04.01"]
[SourceQuality "1"]

1. d4 d5 2. c4 e6 3. Nc3 Be7 4. cxd5 exd5 5. Bf4 c6 6. e3 Bd6 7. Bg3 Ne7 8. Nf3 (8. Bd3 Bf5 9. Be2 O-O 10. Qb3 Nc8 11. Nf3 Qe7 12. Ne5 Re8 13. O-O f6 14. Nd3 Bxg3 15. hxg3 Nd6 16. Nf4 Kh8 17. g4 Be6 18. Qc2 Nd7 19. Bd3 $14 {Sakaev,K-Rustemov,A/Moscow 1998}) ({RR} 8. Bd3 Bf5 9. Bxf5 Nxf5 10. Qd3 Qf6 11. Nf3 Nd7 12. O-O-O O-O-O 13. e4 Bxg3 14. hxg3 dxe4 15. Nxe4 Qe6 16. Kb1 h6 17. Rhe1 Nd6 18. d5 cxd5 19. Qc3+ Nc4 20. Ned2 Qg6+ 21. Ka1 Qf6 22. Nxc4 Qxc3 {Morozevich,A (2750)-Jakovenko,D (2736) Moscow 2009 1-0}) 8... Bf5 (8... O-O 9. Be2 Bg4 10. Qb3 Nc8 11. Bd3 Qe7 12. Qc2 f5 $2 13. Ne5 Bxe5 14. Bxe5 Qf7 15. h3 Bh5 16. g4 Bg6 17. Rg1 $16 {Yakovich,Y-Fernandes,A/Santo Antonio 2000}) ({RR} 8... O-O 9. a3 Bf5 10. Nh4 Be4 11. Be2 Bc7 12. O-O Nd7 13. Rc1 Nf6 14. b4 Bxg3 15. hxg3 Qd6 16. Qb3 Rac8 17. a4 h6 18. Rfd1 Rfd8 19. Nf3 Bxf3 20. Bxf3 Qe6 21. b5 c5 22. dxc5 Rxc5 23. Ne2 {Volkov,S (2510)-Rychagov,A (2549) Aktobe 2022 1-0 (52)}) ({RR} 8... O-O 9. Bd3 Bf5 10. Bxf5 Nxf5 11. Qd3 g6 12. Bxd6 Nxd6 13. h4 Nd7 14. g4 Qe7 15. Qc2 h6 16. O-O-O Rae8 17. g5 h5 18. Ne1 Ne4 19. Nd3 Nxc3 20. Qxc3 Rc8 21. Kb1 Rfe8 22. Ka1 Qe4 23. Qa3 {Sokolov,I (2642)-Krivonosov,O (2468) Maastricht 2013 ½-½ (56)}) 9. Ne5 $6 {Dieser pseudoaktive Zug ist hier fehl am Platz. Eine der wichtigsten strategischen Ideen dieser Stellung für Weiß ist die folgende: ohne kurz zu rochieren den Gegner zum Abtausch auf g3 zu zwingen und das Spiel auf dem Königsflügel anzufangen. Dabei wird der schwarze Läufer f5 nicht selten von der Diagonale b1-h7 verdrängt, z.B. mittels f3-h4, und diese wird vom weißen Läufer übernommen.} ({Konkret ließe sich diese Idee folgendermaßen umsetzen:} 9. Qb3 $1 Bxg3 (9... Nc8 $2 10. Qxb7 Nb6 11. Ne5 O-O 12. Nxc6 Nxc6 13. Qxc6 $16) 10. hxg3 Qb6 11. Nh4 $1 Qxb3 (11... Be6 12. Bd3 $14) 12. axb3 Bc2 13. b4 $14 {, und Weiß hat Spiel auf beiden Flügeln.}) 9... O-O 10. Be2 $146 ({RR} 10. Qb3 Qc7 11. Be2 Nd7 12. f4 f6 13. Nf3 Kh8 14. O-O Qb6 15. Bf2 Rfe8 16. h3 Qxb3 17. axb3 Bc2 18. Rfc1 Bg6 19. g4 a6 20. Kg2 Kg8 21. Bg3 Nc8 22. Kf2 Bb4 23. f5 Bf7 24. Bd3 Bd6 {Korobov,A (2693)-Konopka,M (2418) Wroclaw 2014 ½-½ (70)}) 10... Qc7 $1 {d7 Ein feiner Zug. Schwarz will den weißen Springer mittels b8-d7 verdrängen oder abtauschen. Dieses Ziel wird ohne Bauernschwächung f7-f6 erreicht.} (10... Nd7 $4 11. Nxf7 $18) (10... f6 11. Nf3 $1 $14) 11. Rc1 ({Hier kann Weiß mit 11.b3 bereits nichts erreichen:} 11. Qb3 Nd7 12. Nxd7 Qxd7 $11 13. Bxd6 Qxd6 14. Qxb7 $2 (14. O-O $11) 14... Rfb8 15. Qa6 Rxb2 16. O-O Qb4 $36 17. Rfc1 $2 Bc2 $1 $19) 11... Nd7 12. Nd3 {Der Springer verläßt seinen stolzen Posten.} (12. Nxd7 Qxd7 13. Qb3 Nc8 14. Na4 Be4 $11) (12. f4 $2 Nf6 $15 {×e4}) (12. Nf3 Bg4 $5) 12... Bxd3 $1 {Erneut eine gute strategische Entscheidung. Nach dem Abtausch des Springers ist f7-f5 stark, denn Weiß ist nicht imstande, eine Figur auf e5 einzunisten.} 13. Bxd3 f5 $11 14. Qc2 Bxg3 (14... g6 $5 {f6}) 15. hxg3 g6 16. Qb3 Nf6 {Nun kann Weiß mit der offenen h-Linie nichts anfangen, während die schwarzen Springer aktiv werden.} 17. Ne2 Nc8 18. Nf4 Qe7 19. Be2 Nd6 20. Qa3 (20. Nd3 Nf7 (20... Rae8 21. Ne5 Nf7 22. f4 $11) 21. Nc5 Nd6 $11) 20... Nfe8 ({Sinnvoller scheint} 20... Rfe8 $11) 21. Rc2 1/2-1/2